| 000 | 00464nam a2200169Ia 4500 | ||
|---|---|---|---|
| 003 | GCL | ||
| 008 | 140319s9999 xx 000 0 eng d | ||
| 040 |
_aGCL / _cGCL |
||
| 082 | 0 | 4 |
_a 620.1923 _bG M |
| 100 | 1 | _aGHANDA, MANAS | |
| 245 | 1 | 0 |
_aPlastics Technology Handbook: Revised and Expanded., 2nd ed / _cGHANDA, MANAS |
| 700 | 1 | _aROY, SALIL K. | |
| 260 |
_a[S.N] : _bMARCEL DEKKER, INC ، _c1993 |
||
| 300 | _a823 PP | ||
| 650 | 0 | 4 | _aPLASTICS |
| 942 |
_2ddc _cBK |
||
| 999 |
_c16990 _d16990 |
||